000 02386cam a22004697i 4500
005 20260322212037.0
008 data
010 _a 2013930446
016 7 _a016433742
_2Uk
020 _a0691156956
020 _a9780691156958
040 _aYDX
_beng
_cYDX
_erda
_dDLC
_dBDX
_dUKMGB
_dYAM
_dB@L
_dYDXCP
_dOCP
_dMOF
_dFOLLT
_dDLC
041 1 _aeng
_hfre
042 _alccopycat
050 0 0 _aQL737.P9
_bP4413 2013
082 0 4 _a599/.8
_223
092 _a599.8 Pet 2010
100 1 _aPetter, Jean-Jacques,
_eauthor.
240 1 0 _aPrimates.
_lEnglish
245 1 0 _aPrimates of the world :
_ban illustrated guide /
_cJean-Jacques Petter & François Desbordes.
264 1 _aPrinceton :
_bPrinceton University Press,
_c[2013]
264 4 _c©2013
300 _a186 pages :
_bcolor illustrations, color maps ;
_c27 cm
336 _atext
_btxt
_2rdacontent
336 _astill image
_bsti
_2rdacontent
337 _aunmediated
_bn
_2rdamedia
338 _avolume
_bnc
_2rdacarrier
500 _aTranslation of: Primates. ©2010.
504 _aIncludes bibliographical references (pages 182-183) and index.
520 _aThis stunningly illustrated guide to the world's primates covers nearly 300 species, from the feather-light and solitary pygmy mouse lemurs of Madagascar--among the smallest primates known to exist--to the regal mountain gorillas of Africa. Organized by region and spanning every family of primates on Earth, the book features 72 splendid color plates, facing-page descriptions of key features of each family, and 86 color distribution maps --
_cSource other than Library of Congress.
650 0 _aPrimates
_vIdentification.
650 0 _aPrimates
_xGeographical distribution.
700 1 _aDesbordes, François.
856 4 2 _3Contributor biographical information
_uhttp://www.loc.gov/catdir/enhancements/fy1404/2013930446-b.html
856 4 2 _3Publisher description
_uhttp://www.loc.gov/catdir/enhancements/fy1404/2013930446-d.html
856 4 1 _3Table of contents only
_uhttp://www.loc.gov/catdir/enhancements/fy1404/2013930446-t.html
906 _a7
_bcbc
_ccopycat
_d2
_encip
_f20
_gy-gencatlg
925 0 _aacquire
_b1 shelf copy
_xpolicy default
001 data
999 _c865
_d865